| 000 | 01624cam a2200313 a 4500 | ||
|---|---|---|---|
| 999 |
_c332168 _d332168 |
||
| 001 | 582254 | ||
| 003 | NUST | ||
| 005 | 20171116104931.0 | ||
| 008 | 900709s1991 nyuab b 101 0 eng | ||
| 010 | _a 90042668 | ||
| 020 |
_a1560321458 : _c$97.00 |
||
| 040 |
_aDLC _cDLC _dDLC |
||
| 050 | 0 | 0 |
_aTD796 _b.I565 1989 |
| 082 | 0 | 0 |
_a628.4457 INC _220 |
| 111 | 2 |
_aInternational Engineering Foundation Conference on Fireside Problems While Incinerating Municipal and Industrial Waste _d(1989 : _cPalm Coast, Fla.) _96436 |
|
| 245 | 1 | 0 |
_aIncinerating municipal and industrial waste : _bfireside problems and prospects for improvement / _cEdited by Richard W. Bryers. |
| 260 |
_aNew York : _bHemisphere Pub. Corp., _cc1991. |
||
| 300 |
_axvi, 411 p. : _bill., map ; _c25 cm. |
||
| 500 | _a"Proceedings of the International Conference on Fireside Problems While Incinerating Municipal and Industrial Waste, held at The Sheraton Palm Coast, Florida on October 8-12, 1989"--T.p. verso. | ||
| 500 | _a"Co-sponsored by The American Society of Mechanical Engineers ..."--T.p. verso. | ||
| 501 | _aH.B | ||
| 504 | _aIncludes bibliographical references and index. | ||
| 650 | 0 |
_aIncinerators _xCorrosion _xCongresses. _96437 |
|
| 650 | 0 |
_aMaterials at high temperatures _xCorrosion _xCongresses. _96438 |
|
| 650 | 0 |
_aChlorine _xCongresses. _96439 |
|
| 700 | 1 |
_aBryers, Richard W. _96440 |
|
| 710 | 2 |
_aAmerican Society of Mechanical Engineers. _96441 |
|
| 906 |
_a7 _bcbc _corignew _d1 _eocip _f19 _gy-gencatlg |
||
| 942 |
_2ddc _cBK _kIESE |
||